000 00237 a2200109 4500
001 63429
082 _a823 SHE
090 _c37486
_d37486
100 _aSheldon, S
245 _aNothing lasts for ever
_hEnglish
260 _bHarper Collins
942 _aCAE NUST
_k823 SHE
999 _c298502
_d298502